[Event "Klaipeda-ch sf"]
[Site "Klaipeda"]
[Date "2017.10.01"]
[Round "4"]
[White "Luksas, Jonas"]
[Black "Pocius, Vaclovas"]
[Result "0-1"]
[WhiteElo "1622"]
[BlackElo "1722"]
[PlyCount "130"]
[EventDate "2017.09.17"]
[EventType "swiss"]
[EventRounds "9"]
[EventCountry "LTU"]
[SourceTitle "EXT 2019"]
[Source "ChessBase"]
[SourceDate "2018.10.10"]
[SourceVersion "1"]
[SourceVersionDate "2018.10.10"]
[SourceQuality "1"]

1. d4 e6 2. c4 Bb4+ 3. Bd2 Qe7 4. Nc3 Nf6 5. Qc2 b6 6. f3 c5 7. e3 Nc6 8. Nge2 Ba6 9. Nb5 Rc8 10. Nec3 cxd4 11. exd4 Bxb5 12. Nxb5 a6 13. Bxb4 Qxb4+ 14. Nc3 Nxd4 15. Qd2 Nc6 16. Ne4 Nxe4 17. fxe4 Qxd2+ 18. Kxd2 Ne5 19. b3 Ke7 20. Be2 Rc6 21. Rhd1 Rhc8 22. Rac1 Rd6+ 23. Ke3 Rcc6 24. Rxd6 Kxd6 25. Rd1+ Kc5 26. a3 a5 27. Rb1 Kd6 28. Kd4 f6 29. b4 axb4 30. axb4 Kc7 31. c5 bxc5+ 32. bxc5 d6 33. cxd6+ Rxd6+ 34. Ke3 Rb6 35. Rd1 Rb3+ 36. Kf2 Rb2 37. Ke3 Rb6 38. h3 Rd6 39. Ra1 Kb7 40. Rb1+ Rb6 41. Rd1 Kc6 42. Rc1+ Kd6 43. Rd1+ Ke7 44. Ra1 Nc6 45. Ra3 Kf7 46. Rd3 Ne5 47. Rc3 Rb7 48. Ra3 Kg6 49. Rc3 Kg5 50. g3 h5 51. Kf2 h4 52. Ra3 Rb4 53. Re3 Rb2 54. Kg1 g6 55. gxh4+ Kf4 56. Kf2 Rd2 57. Rc3 Kxe4 58. Ke1 Rb2 59. Ra3 Rb1+ 60. Kd2 Rb2+ 61. Kd1 f5 62. h5 gxh5 63. Bxh5 f4 64. Ra4+ Ke3 65. Ra3+ Nd3 0-1

[Event "Klaipeda-ch sf"]
[Site "Klaipeda"]
[Date "2017.09.23"]
[Round "2"]
[White "Luksas, Jonas"]
[Black "Jablokov, Dmitrij"]
[Result "0-1"]
[WhiteElo "1622"]
[BlackElo "2031"]
[PlyCount "162"]
[EventDate "2017.09.17"]
[EventType "swiss"]
[EventRounds "9"]
[EventCountry "LTU"]
[SourceTitle "EXT 2019"]
[Source "ChessBase"]
[SourceDate "2018.10.10"]
[SourceVersion "1"]
[SourceVersionDate "2018.10.10"]
[SourceQuality "1"]

1. d4 d5 2. c4 c6 3. Nc3 Nf6 4. cxd5 cxd5 5. Nf3 Nc6 6. e3 e6 7. Bd3 Bd7 8. 0-0 Rc8 9. e4 dxe4 10. Nxe4 Be7 11. b3 Nb4 12. Bb2 Nxd3 13. Qxd3 0-0 14. Ne5 Bc6 15. Nxc6 Rxc6 16. Rac1 Rxc1 17. Rxc1 Qb6 18. Ng5 h6 19. Nf3 Rd8 20. Ne5 Qa5 21. Nc4 Qa6 22. a4 Nd5 23. Ne5 Qb6 24. Qf3 Bf6 25. Nc4 Qa6 26. Ne5 Qd6 27. Nc4 Qf4 28. Qxf4 Nxf4 29. Kf1 Bxd4 30. Rd1 Bf6 31. Rxd8+ Bxd8 32. g3 Nd3 33. Bd4 b6 34. f4 Bc7 35. Nd2 Nb4 36. Ke2 f6 37. Nc4 Kf7 38. Kf3 g5 39. Bc3 Nd5 40. Bd2 Ne7 41. Bc3 Nf5 42. h3 Kg6 43. Bb2 Nd6 44. Nd2 Nf5 45. b4 Nd6 46. Nb3 Nf5 47. Bc3 Kf7 48. Nd2 Ne7 49. Ne4 f5 50. Nf2 gxf4 51. gxf4 Bxf4 52. Kxf4 Nd5+ 53. Ke5 Nxc3 54. a5 Ke7 55. Nd3 Nd5 56. axb6 axb6 57. b5 h5 58. h4 f4 59. Ne1 Nc7 60. Kxf4 Kf6 61. Nd3 Nxb5 62. Ne5 Ke7 63. Kg5 Nd4 64. Kxh5 b5 65. Kg6 b4 66. h5 b3 67. Nc4 Nc6 68. Kg7 Ne5 69. Nxe5 b2 70. h6 b1Q 71. Ng6+ Ke8 72. h7 Qb2+ 73. Kh6 Kf7 74. h8Q Qh2+ 75. Kg5 Qg3+ 76. Kh5 Qxg6+ 77. Kh4 Qf6+ 78. Qxf6+ Kxf6 79. Kg4 Ke5 80. Kf3 Kd4 81. Ke2 Ke4 0-1